Ekonomické a geopolitické faktory významu kaspického regiónu v súčasných medzinárodných vzťahoch diplomová práca

Guardado en:
Detalles Bibliográficos
Autor principal: Babinská, Dominika
Autor Corporativo: Fakulta medzinárodných vzťahov EU. Katedra medzinárodných politických vzťahov
Otros Autores: Čech, Ľubomír, 1955-
Formato: Libro
Lenguaje:eslovaco
Publicado: Bratislava 2018
Etiquetas: Agregar Etiqueta
Sin Etiquetas, Sea el primero en etiquetar este registro!

MARC

LEADER 00000nbm a2200000 4500
001 0244479
005 20180806114531.1
041 0 |a slo 
044 |a SK 
245 1 0 |a Ekonomické a geopolitické faktory významu kaspického regiónu v súčasných medzinárodných vzťahoch  |b diplomová práca  |c Dominika Babinská ; školiteľ: Ľubomír Čech 
264 1 |a Bratislava  |c 2018 
300 |a 98 s. 
100 1 |a Babinská, Dominika 
700 1 |a Čech, Ľubomír, 1955- 
710 2 |a Fakulta medzinárodných vzťahov EU. Katedra medzinárodných politických vzťahov